| 000 | 00768cab a2200229 4500 | ||
|---|---|---|---|
| 001 | WB3224-18 | ||
| 008 | 090401t1996 xxu||||| |||| 00| 0 eng d | ||
| 035 | _a(Sirsi) u34149 | ||
| 041 | _aeng | ||
| 245 | _aSpecial waste guidance | ||
| 260 | _c1996 | ||
| 350 | _a0 | ||
| 490 |
_aDoE News Release _v(254) 13 June 1996, (2) |
||
| 520 | _aDoE Circular 6/96 provides guidance on the Special Waste Regulations 1996. A free leaflet explaining the Regulations is available from DoE Publications Centre, 0181-691-9191. | ||
| 650 | _aDOE CIRCULAR 06/1996 | ||
| 650 | _aHAZARDOUS WASTE DIRECTIVE 1991 | ||
| 650 | _aHAZARDOUS WASTES | ||
| 650 | _aSPECIAL WASTE REGULATIONS 1996 | ||
| 690 | _aENVIRONMENTAL AND LAND CONSULTANCY | ||
| 942 | _n0 | ||
| 948 | _c04/03/1997 | ||
| 999 |
_c22656 _d22656 |
||